Witamy w Bibliotece Naukowej Instytutu Łączności!

Sovremennyj radiovescatel'nyj priemnik / (Rekord nr 8553)

000 -LEADER
fixed length control field 00281 a2200085 4500
100 1# - MAIN ENTRY--PERSONAL NAME
Personal name Kononovic, L.M..
Relator term Autor
245 0# - TITLE STATEMENT
Title Sovremennyj radiovescatel'nyj priemnik /
Statement of responsibility, etc Kononovic L.M..
260 ## - PUBLICATION, DISTRIBUTION, ETC. (IMPRINT)
Place of publication, distribution, etc Moskva :
Name of publisher, distributor, etc Radio i Svjaz',
Date of publication, distribution, etc 1986.
300 ## - PHYSICAL DESCRIPTION
Extent 144 s.:
Other physical details il.;
Dimensions 21 cm.
710 2# - ADDED ENTRY--CORPORATE NAME
Corporate name or jurisdiction name as entry element Radio i Svjaz'.
Relator term Wydawca
Relator code pbl

Brak dostępnych egzemplarzy.

Działa dzięki Koha